00851nam 22002173 4500001000700000010002200007021001500029100004100044200018900085205000900274210004900283215003600332300008800368606004500456610001100501675002800512700002600540702003300566801001800599830001600617202003 a978-972-20-5601-4 b415 954/16 a20260430d u||y0pory50 ba aAs Naus de Verde PinhodViagem de Bartolomeu Dias Contada à minha filha JoanafManuel Alegregilustrações de Afonso Alegre DuarteePrémio de Literatura Infantil António Botto a20ª aAlfragidecPublicações Dom Quixoted2023 a[8], 8, [3] p.ccartonadod21cm aLER+ - Plano Nacional de Leitura Leitura Obrigatória Metas de Português 6º Ano aLiteratura Infantil e Juvenil Portuguesa aPoesia a821.134.3-93-1vPTzpor aAlegrebManuelf1936- aDuartebAfonso Alegref1976- aPTbBMMNgRPC cAna Caetano